Animal cell technology : From biopharmaceuticals to gene therapy

The use of animal cells in medicine is over a century old, but it is in the past twenty years, with improved technology and the mapping of the human genome, that the possibilities and problems of creating biopharmaceuticals have become evident. A group of scientists, largely working in Brazil, prese...

ver descrição completa

Na minha lista:
Detalhes bibliográficos
Formato: Livro
Idioma:Undetermined
Publicado em: New York Taylor & Francis Group 2008
Assuntos:
Tags: Adicionar Tag
Sem tags, seja o primeiro a adicionar uma tag!
Thư viện lưu trữ: Trung tâm Học liệu Trường Đại học Cần Thơ
LEADER 01417nam a2200241Ia 4500
001 CTU_134342
008 210402s9999 xx 000 0 und d
020 |c 3025000 
082 |a 660.6 
082 |b A598 
245 0 |a Animal cell technology : 
245 0 |b From biopharmaceuticals to gene therapy 
245 0 |c Leda R. Castilho ... [et al.]. 
260 |a New York 
260 |b Taylor & Francis Group 
260 |c 2008 
520 |a The use of animal cells in medicine is over a century old, but it is in the past twenty years, with improved technology and the mapping of the human genome, that the possibilities and problems of creating biopharmaceuticals have become evident. A group of scientists, largely working in Brazil, present a comprehensive examination of the topic, including a roadmap of the cell with directions for cultivation and handling of the cells, and medical applications. They also discuss external factors such as quality control, government regulations and ethical debates. The volume is intended as a reference for scientists and medical researchers. 
526 |a Công nghệ sinh học y dược,Công nghệ tế bào 
526 |b CS916,CS633 
650 |a Cell Culture Techniques,Biotechnology,Animal cell biotechnology,Kỹ thuật sinh học 
650 |x Veterinary 
904 |i Trọng Hải 
980 |a Trung tâm Học liệu Trường Đại học Cần Thơ